000 01124nam0a22002771 4500
001 rc\3752765
005 20260406121141.0
021 _aRU
_b[72-76549]
035 _a(NLR Aleph) 007874982
090 _a7881817
_c7881817
100 _a20130115d1972 |||y0rusy50 ca
101 0 _arus
102 _aRU
105 _aab z |||||
200 1 _aСтроение фундамента молодых платформ
_e[Сборник статей
_fОтв. ред. М.В. Муратов]
_gАН СССР. Тектон. ком. Моск. о-ва испытателей природы
210 _aМосква
_cНаука
_d1972
215 _a121 с., 1 л. карт.
_cчерт., карт.
_d26
320 _aСписки лит. в конце статей
606 _aПлатформы (геол.)
_jСборники
_2psbo
702 1 _aМуратов
_bМ.В.
_gМихаил Владимирович
_4340
712 0 2 _aАН СССР
_bТектонический комитет
_3RU\NLR\AUTH\8813690
_9300428
801 0 _aRU
_bNLR
_gpsbo
801 1 _aRU
_bELAR
_2rusmarc
852 _aNLR
_j72-7/1794
942 _cBOOK
980 _aNB